Die 33 beliebtesten ♂ ♀ Vornamen in Indien - Statistiken

Allgemein
  • Dieses Quiz wurde 17 mal gespielt
  • Das Durchschnittsergebnis liegt bei 4 aus 35
Antwortstatistiken
♀ / ♂ Name % Korrekt
Mädchen - - > ⤵️
88%
Jungen - - > ⤵️
88%
R3 Raj
38%
R3 Raj
38%
R5 Rahul
19%
R5 Rohit
19%
S6 Sunita
19%
P5 Pooja
13%
R3 Ram
13%
R3 Ram
13%
S5 Sunil
13%
A4 Amit
6%
A5 Anita
6%
O2 Om
6%
P6 Preeti
6%
R6 Rajesh
6%
A5 Ashok
0%
D6 Deepak
0%
G5 Geeta
0%
J5 Jyoti
0%
K5 Kamla
0%
K7 Kamlesh
0%
M5 Manju
0%
M5 Manoj
0%
M2 Md
0%
M4 Mohd
0%
N4 Neha
0%
P6 Poonam
0%
P8 Priyanka
0%
R6 Ramesh
0%
S6 Sanjay
0%
S7 Santosh
0%
S5 Seema
0%
S6 Shanti
0%
U4 Usha
0%
Keine übereinstimmenden Quizze gefunden
Verteilung der Resultate
Anzahl Personen mit jedem Resultat
Perzentil nach korrekt beantworteten Fragen
Ihre Resultats-Entwicklung
Sie haben dieses Quiz noch nicht gespielt